Mario Tennis Characters - Statistics

General Stats
  • This quiz has been taken 23 times
  • The average score is 27 of 38
Answer Stats
Answer % Correct
Bowser
100%
Donkey Kong
100%
Luigi
100%
Mario
100%
Peach
100%
Daisy
94%
Toad
94%
Toadette
94%
Waluigi
94%
Wario
94%
Yoshi
94%
Bowser Jr.
88%
Diddy Kong
88%
Baby Mario
82%
Boo
82%
Koopa Troopa
82%
Rosalina
82%
Petey Piranha
76%
Birdo
71%
Chain Chomp
71%
Dry Bones
71%
Pauline
71%
Shy Guy
71%
Baby Peach
65%
Blooper
65%
Luma
59%
Paratroopa
59%
Donkey Kong Jr.
53%
Dry Bowser
53%
Kamek
53%
Spike
53%
Wiggler
53%
Metal Mario
47%
Mii
41%
Boom Boom
35%
Fire Piranha Plant
29%
Fly Guy
29%
Sprixie Princess
29%
No matching quizzes found
Score Distribution
Percent of People with Each Score
Percentile by Number Answered
Your Score History
You have not taken this quiz